000 01233nam a22004097a 4500
005 20260115142455.0
008 180312b2005 xxu||||| |||| 00| 0 spa d
020 _a9681863135
041 _aESP
082 _a658.8 M553c4
100 _aMercado, Salvador
_926077
245 _aCompras: principios y aplicaciones
250 _a4 edición
260 _aMéxico
260 _bLimusa
260 _c2005
300 _a218 páginas
490 _aDirección y Administración de Empresas
650 _aGERENCIA DE MERCADEO
650 _aCOMPRAS
650 _aPLANEACIÓN DE LAS COMPRAS
650 _aDEPARTAMENTO DE COMPRAS
650 _aPROCEDIMIENTO DE COMPRAS DE IMPORTACIÓN
650 _aPLANEACIÓN DE LAS COMPRAS
650 _aPRESUPUESTO DE COMPRAS
650 _aFINANCIAMIENTO DE COMPRAS
650 _aESTRUCTURA DEL ÁREA DE COMPRAS
650 _aCONTROL DE COMPRAS
650 _aRECURSOS HUMANOS DEL DEPARTAMENTO DE COMPRAS
650 _aEVALUACIÓN DEL DESEMPEÑO
650 _aMANUAL DE COMPRAS
650 _aCOMPRAS DEL SECTOR PÚBLICO
650 _aESTRATEGIAS DE COMPRAS
650 _aRECLUTAMIENTO DE PROVEEDORES
650 _aCOMPRAS DEL SECTOR PÚBLICO
942 _cBK
_2ddc
999 _c10426
_d10426